[Event "Wch Rapid (Women)"]
[Site "Almaty"]
[Date "2022.12.27"]
[Round "5"]
[White "Balabayeva, Kseniya"]
[Black "Martins de Aguiar, Marina"]
[Result "1-0"]
[WhiteElo "2067"]
[BlackElo "1763"]
[PlyCount "77"]
[EventDate "2022.12.26"]
[EventType "swiss (rapid)"]
[EventRounds "11"]
[EventCountry "KAZ"]
[SourceTitle "CBM 211 Extra"]
[Source "ChessBase"]
[SourceDate "2023.01.31"]
[SourceVersion "1"]
[SourceVersionDate "2023.01.31"]
[SourceQuality "1"]

1. e4 c5 2. Nf3 e6 3. g3 Nf6 4. Qe2 Be7 5. Bg2 d5 6. e5 Nfd7 7. 0-0 Nc6 8. c3 d4 9. d3 0-0 10. c4 Rb8 11. h4 Qc7 12. Re1 b5 13. cxb5 Rxb5 14. Na3 Rb8 15. Nc4 Ba6 16. Bf4 Bxc4 17. dxc4 Rfc8 18. Rad1 Nb4 19. b3 a5 20. h5 h6 21. Nh2 a4 22. Be4 Qd8 23. bxa4 Bg5 24. Bxg5 Qxg5 25. Bb1 Nc6 26. Nf3 Qxh5 27. Kg2 Qg4 28. Qd2 f5 29. exf6 Nxf6 30. Nh2 Qh5 31. Rxe6 Qf7 32. Rde1 Rb7 33. Qe2 Rbc7 34. Bf5 Nd8 35. Re5 Ra8 36. Ng4 Kf8 37. Nxf6 gxf6 38. Re8+ Kg7 39. Qg4+ 1-0

[Event "Rio de Janeiro Duchamp op 4th"]
[Site "Rio de Janeiro"]
[Date "2022.12.11"]
[Round "6"]
[White "Hirano, Enzo Erich Kreutz"]
[Black "Martins de Aguiar, Marina"]
[Result "1/2-1/2"]
[WhiteElo "1691"]
[BlackElo "1877"]
[PlyCount "61"]
[EventDate "2022.12.07"]
[EventType "swiss"]
[EventRounds "9"]
[EventCountry "BRA"]
[SourceTitle "CBM 211 Extra"]
[Source "ChessBase"]
[SourceDate "2023.01.31"]
[SourceVersion "1"]
[SourceVersionDate "2023.01.31"]
[SourceQuality "1"]

1. e4 c5 2. Nf3 e6 3. d4 cxd4 4. Nxd4 Nf6 5. Nc3 Nc6 6. Ndb5 Bc5 7. Bf4 0-0 8. Be2 a6 9. Bd6 Bxd6 10. Nxd6 Ne8 11. 0-0 Qc7 12. Nxe8 Rxe8 13. a4 b6 14. Qd2 Bb7 15. Rad1 Red8 16. Qd6 Rac8 17. Qxc7 Rxc7 18. Rd6 Kf8 19. Rfd1 Ke7 20. f4 Rh8 21. e5 f6 22. Bc4 fxe5 23. Bxe6 dxe6 24. fxe5 Rf8 25. Rf1 Rxf1+ 26. Kxf1 Rc8 27. Rd2 Rf8+ 28. Ke1 Rf5 29. Re2 Rh5 30. g3 Rf5 31. h3 1/2-1/2

[Event "Rio de Janeiro Duchamp op 4th"]
[Site "Rio de Janeiro"]
[Date "2022.12.09"]
[Round "3"]
[White "Martins de Aguiar, Marina"]
[Black "Gomes, Carlos"]
[Result "1/2-1/2"]
[WhiteElo "1877"]
[BlackElo "1566"]
[PlyCount "80"]
[EventDate "2022.12.07"]
[EventType "swiss"]
[EventRounds "9"]
[EventCountry "BRA"]
[SourceTitle "CBM 211 Extra"]
[Source "ChessBase"]
[SourceDate "2023.01.31"]
[SourceVersion "1"]
[SourceVersionDate "2023.01.31"]
[SourceQuality "1"]

1. e4 e5 2. d4 exd4 3. Qxd4 Nc6 4. Qe3 d6 5. Nc3 Nf6 6. Bd2 Bd7 7. 0-0-0 Qe7 8. Nb5 Qd8 9. f4 a6 10. Nd4 Qe7 11. Nxc6 Bxc6 12. e5 dxe5 13. fxe5 Nd5 14. Qb3 0-0-0 15. Nf3 h6 16. Bc4 b5 17. Bd3 Nb6 18. Rhe1 Bd5 19. Qc3 b4 20. Bxa6+ Kb8 21. Qe3 Qc5 22. Qxc5 Bxc5 23. Kb1 Rhe8 24. Bc1 c6 25. Bd3 Nd7 26. Bf4 Kb7 27. Bf5 Nb6 28. b3 Nc8 29. Kb2 Na7 30. Bd3 g5 31. Be3 Bxe3 32. Rxe3 f6 33. Rde1 Bxf3 34. gxf3 Rxe5 35. Rxe5 fxe5 36. Rxe5 Rd6 37. Re7+ Kb6 38. Re8 Kc7 39. Re7+ Kb6 40. Re8 Kc7 1/2-1/2

[Event "Rio de Janeiro Duchamp op 4th"]
[Site "Rio de Janeiro"]
[Date "2022.12.07"]
[Round "1"]
[White "Martins de Aguiar, Marina"]
[Black "Andersson, Ulf"]
[Result "0-1"]
[WhiteElo "1877"]
[BlackElo "2519"]
[PlyCount "84"]
[EventDate "2022.12.07"]
[EventType "swiss"]
[EventRounds "9"]
[EventCountry "BRA"]
[SourceTitle "CBM 211 Extra"]
[Source "ChessBase"]
[SourceDate "2023.01.31"]
[SourceVersion "1"]
[SourceVersionDate "2023.01.31"]
[SourceQuality "1"]

1. e4 e6 2. d4 d5 3. Nd2 a6 4. Bd3 c5 5. dxc5 Bxc5 6. Ngf3 Nc6 7. 0-0 Nge7 8. Nb3 Ba7 9. c3 dxe4 10. Bxe4 Qxd1 11. Rxd1 Bd7 12. Bf4 0-0-0 13. Nbd2 f6 14. Nc4 e5 15. Be3 Bxe3 16. Nxe3 Be6 17. Nd2 Kc7 18. b4 f5 19. Bc2 g6 20. Nb3 b6 21. Bd3 a5 22. bxa5 Nxa5 23. Nxa5 bxa5 24. Bc4 Bxc4 25. Nxc4 Nc6 26. Ne3 Kb6 27. Kf1 Kc5 28. Ke2 e4 29. a4 Rxd1 30. Rxd1 Rd8 31. Rb1 Rb8 32. Rd1 Rb2+ 33. Rd2 Rxd2+ 34. Kxd2 Ne5 35. Kc2 f4 36. Nd1 Nc4 37. h4 h6 38. g3 g5 39. h5 Kd5 40. gxf4 gxf4 41. Nb2 Nxb2 42. Kxb2 e3 0-1